University Home | Library Home | Institutional Repository

The development of the lower Mgeta River area of the United Republic of Tanzania / (Record no. 112771)

MARC details
000 -LEADER
fixed length control field 01214cam3a220028901 4500
001 - CONTROL NUMBER
control field qce01189641
005 - DATE AND TIME OF LATEST TRANSACTION
control field 20190819122855.0
008 - FIXED-LENGTH DATA ELEMENTS--GENERAL INFORMATION
fixed length control field 760728s1966 enk 000 0 eng d
035 ## - SYSTEM CONTROL NUMBER
System control number (Sirsi) r91972
035 ## - SYSTEM CONTROL NUMBER
System control number (QCAT)lss01322525
035 ## - SYSTEM CONTROL NUMBER
System control number (UPRA)qce01189641
040 ## - CATALOGING SOURCE
Modifying agency UPRA
100 1# - MAIN ENTRY--PERSONAL NAME
Personal name Spooner, R. J.
Linkage A50929.1
245 14 - TITLE STATEMENT
Title The development of the lower Mgeta River area of the United Republic of Tanzania /
Statement of responsibility, etc. by R.J. Spooner and R.N. Jenkin.
260 ## - PUBLICATION, DISTRIBUTION, ETC.
Place of publication, distribution, etc. Tolworth, Surrey, England :
Name of publisher, distributor, etc. Directorate of Overseas Surveys,
Date of publication, distribution, etc. 1966.
490 1# - SERIES STATEMENT
Series statement Great Britain. Land Resources Division. Land resource study ;
Volume/sequential designation no. 1
500 ## - GENERAL NOTE
General note At head of title: Ministry of Overseas Development.
500 ## - GENERAL NOTE
General note With accompanying maps in pocket.
504 ## - BIBLIOGRAPHY, ETC. NOTE
Bibliography, etc. note Bibliography: p. 62-63.
650 #0 - SUBJECT ADDED ENTRY--TOPICAL TERM
Topical term or geographic name entry element Natural resources -- Tanzania.
Geographic subdivision Natural resources -- Tanzania.
Linkage S39876.1
650 #0 - SUBJECT ADDED ENTRY--TOPICAL TERM
Topical term or geographic name entry element Agriculture -- Tanzania.
Geographic subdivision Agriculture -- Tanzania.
Linkage S11462.1
651 #0 - SUBJECT ADDED ENTRY--GEOGRAPHIC NAME
Geographic name Tanzania -- Economic conditions.
General subdivision Tanzania -- Economic conditions.
Linkage S11562.1
700 1# - ADDED ENTRY--PERSONAL NAME
Personal name Jenkin, R. N.
Linkage A16746.1
830 #0 - SERIES ADDED ENTRY--UNIFORM TITLE
Uniform title Land resource study ;
Volume/sequential designation no. 1
Linkage S3572.1
949 ## - LOCAL PROCESSING INFORMATION (OCLC)
a GB375
w lcc
i -129319
m MAIN
t BOOK
l ON-SHELF

No items available.

© 2026 - The University of Zambia Library - Koha v25.11